Statistics for Prime Minister of Japan... or President of South Korea?

Click here to take the quiz!

General Stats

  • This quiz has been taken 7 times
  • The average score is 18 of 20

Answer Stats

QuestionAnswer% Correct
Japanese Prime Minister
100%
Japanese Prime Minister
100%
Japanese Prime Minister
100%
Japanese Prime Minister
100%
Japanese Prime Minister
100%
Japanese Prime Minister
100%
Korean President
100%
Korean President
100%
Korean President
100%
Korean President
100%
Korean President
100%
Japanese Prime Minister
83%
Japanese Prime Minister
83%
Japanese Prime Minister
83%
Japanese Prime Minister
83%
Korean President
83%
Korean President
83%
Korean President
83%
Korean President
67%
Korean President
67%

Score Distribution

Percentile by Number Answered

Percent of People with Each Score

Your Score History

You have not taken this quiz